[Event "Oebro CXU Nytaar 2025"]
[Site "Copenhagen"]
[Date "2025.12.27"]
[Round "1.1"]
[White "Tandrup, Michael"]
[Black "Hector, Jonny"]
[Result "1/2-1/2"]
[WhiteElo "1964"]
[BlackElo "2418"]
[WhiteFideId "1408356"]
[BlackFideId "1700090"]
[EventDate "2025.12.27"]
[EventType "swiss"]
[EventRounds "7"]
[EventCountry "DEN"]
[SourceTitle "Live v. Obro Skakforening"]

1. Nf3 d5 2. b3 Bg4 3. Bb2 Nc6 4. d4 Bxf3 5. exf3 e6 6. Nd2 Qf6 7. Bb5 Ne7 8. Nf1 a6 9. Bxc6+ Nxc6 10. a3 g5 11. Ne3 Bg7 12. Ng4 Qf4 13. g3 Qd6 14. Qd2 O-O-O 15. O-O-O f5 16. Ne5 Nxe5 17. dxe5 Bxe5 18. Qxg5 Bxb2+ 19. Kxb2 Rhf8 20. Rhe1 e5 21. Qg7 Rfe8 22. Qxh7 Qf6 23. Qh3 e4+ 24. Kb1 exf3 25. Rxe8 Rxe8 26. Qh5 Re4 27. Qxf3 c6 28. Qd3 f4 29. c4 fxg3 30. fxg3 Qe5 31. cxd5 Re3 32. Qd4 Rxb3+ 33. Ka2 Qxd4 34. Rxd4 Re3 35. dxc6 Re2+ 36. Kb3 Rxh2 37. cxb7+ Kxb7 38. Rd6 Re2 39. Rg6 Re3+ 40. Kb4 Re4+ 41. Kc5 Re5+ 42. Kb4 Re4+ 43. Kc5 1/2-1/2

[Event "Oebro CXU Nytaar 2025"]
[Site "Copenhagen"]
[Date "2025.12.27"]
[Round "1.2"]
[White "Nielsen, Viktor Haarmark"]
[Black "Ahl, Eskil Rosenlund"]
[Result "1-0"]
[WhiteElo "2368"]
[BlackElo "1963"]
[WhiteFideId "1444492"]
[BlackFideId "1481789"]
[EventDate "2025.12.27"]
[EventType "swiss"]
[EventRounds "7"]
[EventCountry "DEN"]
[SourceTitle "Live v. Obro Skakforening"]

1. d4 Nf6 2. c4 c5 3. d5 b5 4. cxb5 a6 5. e3 e6 6. dxe6 fxe6 7. Nc3 d5 8. Nf3 Bd6 9. e4 Be7 10. exd5 exd5 11. bxa6 O-O 12. Be2 d4 13. Bc4+ Kh8 14. Ne2 Bxa6 15. Bxa6 Nxa6 16. O-O Nd5 17. Ne5 Qd6 18. Nc4 Qg6 19. Bd2 Nab4 20. Bxb4 Nxb4 21. a3 Nc2 22. Rc1 d3 23. Ne5 Qg5 24. Nxd3 Ne3 25. fxe3 Qxe3+ 26. Nf2 Rad8 27. Qe1 Rd2 28. Ng3 Bg5 29. Ne4 Re2 30. Qc3 Qf4 31. Nxg5 Rxf2 32. Qxg7+ Kxg7 33. Ne6+ 1-0

[Event "Oebro CXU Nytaar 2025"]
[Site "Copenhagen"]
[Date "2025.12.27"]
[Round "1.3"]
[White "Ramsdal, Lasse Andreas"]
[Black "Kistrup, Nicolai"]
[Result "0-1"]
[WhiteElo "1948"]
[BlackElo "2365"]
[BlackFideId "1444816"]
[EventDate "2025.12.27"]
[EventType "swiss"]
[EventRounds "7"]
[EventCountry "DEN"]
[SourceTitle "Live v. Obro Skakforening"]

1. d4 Nf6 2. c4 e6 3. Nf3 b6 4. g3 Ba6 5. b3 Bb4+ 6. Bd2 Be7 7. Bg2 O-O 8. O-O d5 9. Qc2 c5 10. Bc3 Nc6 11. Rd1 Rc8 12. dxc5 bxc5 13. e3 Qb6 14. Ng5 d4 15. Bxc6 Qxc6 16. exd4 cxd4 17. Bxd4 Bb7 18. f3 Rfd8 19. Kf1 h6 20. Ne4 Nxe4 21. fxe4 Rxd4 22. Rxd4 Bf6 23. Qf2 Qb6 24. e5 Bxe5 25. c5 Rxc5 26. Nc3 Bxd4 27. Qxd4 Rf5+ 0-1

[Event "Oebro CXU Nytaar 2025"]
[Site "Copenhagen"]
[Date "2025.12.27"]
[Round "1.4"]
[White "Aabling Thomsen, Jakob"]
[Black "Snedker, Oliver Kaehne"]
[Result "1-0"]
[WhiteElo "2340"]
[BlackElo "1944"]
[WhiteFideId "1407589"]
[BlackFideId "1470051"]
[EventDate "2025.12.27"]
[EventType "swiss"]
[EventRounds "7"]
[EventCountry "DEN"]
[SourceTitle "Live v. Obro Skakforening"]

1. e4 c5 2. Nf3 d6 3. c3 Nf6 4. h3 g6 5. Bd3 Bg7 6. Bc2 c4 7. Qe2 d5 8. e5 Nfd7 9. b3 Nc6 10. e6 fxe6 11. bxc4 Nde5 12. Ng5 dxc4 13. O-O Qd7 14. Na3 Na5 15. f4 Nd3 16. Nxc4 Nxc1 17. Raxc1 Nxc4 18. Qxc4 O-O 19. Qe2 Qd6 20. Qe3 a5 21. d4 a4 22. Qg3 Rf5 23. Bxf5 exf5 24. Rfe1 Bh6 25. Re5 Bg7 26. Re3 Bd7 27. Rce1 Rc8 28. Rxe7 h6 29. Nf7 1-0

[Event "Oebro CXU Nytaar 2025"]
[Site "Copenhagen"]
[Date "2025.12.27"]
[Round "1.5"]
[White "Petersen, Nils"]
[Black "Ramsdal, Jens Albert"]
[Result "0-1"]
[WhiteElo "1942"]
[BlackElo "2317"]
[WhiteFideId "1403346"]
[BlackFideId "1429221"]
[EventDate "2025.12.27"]
[EventType "swiss"]
[EventRounds "7"]
[EventCountry "DEN"]
[SourceTitle "Live v. Obro Skakforening"]

1. c4 Nf6 2. g3 e6 3. Bg2 d5 4. Nf3 Be7 5. O-O O-O 6. b3 c5 7. Bb2 d4 8. e3 Nc6 9. exd4 cxd4 10. Re1 a5 11. Ne5 Nxe5 12. Rxe5 Nd7 13. Rb5 Nc5 14. Ba3 Qc7 15. Bxc5 Bxc5 16. d3 Ra7 17. a4 Bd7 18. Na3 Bxa3 19. Rxa3 Bxb5 20. axb5 Qc5 21. Ra4 g6 22. Qe1 Qc7 23. f4 b6 24. Qe4 Rd8 25. g4 Qb8 26. g5 Rc7 27. Qe5 Rc5 28. Qxb8 Rxb8 29. Be4 f6 30. h4 Rf8 31. Kg2 Kg7 32. Ra1 Rf7 33. Kg3 f5 34. Bc6 Re7 35. Kf3 e5 36. Re1 Kf8 37. Bd5 exf4 38. Rxe7 Kxe7 39. Kxf4 Rxd5 40. cxd5 Kd6 41. h5 Kxd5 42. h6 0-1

[Event "Oebro CXU Nytaar 2025"]
[Site "Copenhagen"]
[Date "2025.12.27"]
[Round "1.6"]
[White "Heimisson, Hilmir Freyr"]
[Black "Kirkebaekke, Mark"]
[Result "0-1"]
[WhiteElo "2303"]
[BlackElo "1940"]
[WhiteFideId "2309998"]
[EventDate "2025.12.27"]
[EventType "swiss"]
[EventRounds "7"]
[EventCountry "DEN"]
[SourceTitle "Live v. Obro Skakforening"]

1. Nf3 c5 2. c4 Nf6 3. d4 cxd4 4. Nxd4 d6 5. Nc3 g6 6. g3 Nc6 7. Bg2 Bd7 8. Nc2 Bg7 9. O-O Qc8 10. Re1 Bh3 11. Bh1 h5 12. Bg5 h4 13. Ne3 hxg3 14. hxg3 Nh7 15. Ne4 f5 16. Nxd6+ exd6 17. Qxd6 Nxg5 18. Qxg6+ Kf8 19. Qxg5 Qd8 20. Qf4 Be5 21. Qf3 Qg5 22. Nd5 Kg7 23. Qb3 Na5 24. Qa3 Nxc4 25. Qd3 Nxb2 26. Qb3 Rab8 27. Rac1 b5 28. Rc7+ Kh6 29. Rc6+ Kg7 30. Rc7+ Kh6 31. Rc6+ Kg7 32. Rc7+ Kh6 33. f4 Bd4+ 34. Kh2 Bf1 35. e3 Kg6+ 36. Kg1 Qxg3+ 37. Kxf1 Rxh1+ 0-1

[Event "Oebro CXU Nytaar 2025"]
[Site "Copenhagen"]
[Date "2025.12.27"]
[Round "1.7"]
[White "Ramsdal, Mikkel"]
[Black "Fries Nielsen, Jens Ove"]
[Result "1-0"]
[WhiteElo "1935"]
[BlackElo "2273"]
[WhiteFideId "1438484"]
[EventDate "2025.12.27"]
[EventType "swiss"]
[EventRounds "7"]
[EventCountry "DEN"]
[SourceTitle "Live v. Obro Skakforening"]

1. d4 Nf6 2. c4 d6 3. Nc3 Nbd7 4. e4 e5 5. d5 h5 6. Bg5 Be7 7. h4 c6 8. Nge2 Qb6 9. Qb3 Qc7 10. f3 Nc5 11. Qc2 a5 12. Ng3 g6 13. Be2 a4 14. Rc1 O-O 15. Qd2 Nh7 16. Bxe7 Qxe7 17. Rd1 Rd8 18. Nf1 f5 19. exf5 Bxf5 20. Ne3 Kh8 21. Nxf5 gxf5 22. Qh6 Qg7 23. Qxh5 Qxg2 24. Kd2 Rg8 25. Rhg1 Qf2 26. Rg6 e4 27. Rh6 Rg7 28. Qxf5 exf3 29. Qxf3 Qh2 30. Kc1 cxd5 31. Qxd5 a3 32. Qxd6 axb2+ 33. Kxb2 Na4+ 34. Kc2 Qf2 35. Qd4 Qg2 36. Qe4 Qxe4+ 37. Nxe4 Kg8 38. Rdd6 Re8 39. Bd3 Rg2+ 40. Kc1 Rg1+ 41. Kd2 Rg2+ 42. Ke3 Rg7 43. Kd4 Rg4 44. Bc2 Nf8 45. Kd5 Rgxe4 46. Bxe4 Nc3+ 47. Kd4 Nxe4 48. Rb6 Kg7 49. Rh5 Re7 50. Re5 Rxe5 51. Kxe5 Nc5 52. Kd5 Nfd7 53. Rb5 b6 54. Kc6 Kf6 55. Rb1 Ke7 56. Re1+ Kf7 57. Rg1 Ke7 58. Rg7+ Ke6 59. h5 Nd3 60. h6 N3e5+ 61. Kc7 1-0

[Event "Oebro CXU Nytaar 2025"]
[Site "Copenhagen"]
[Date "2025.12.27"]
[Round "1.8"]
[White "Hansen, Soren Bech"]
[Black "Hansen, Alex"]
[Result "1-0"]
[WhiteElo "2243"]
[BlackElo "1912"]
[WhiteFideId "1400681"]
[BlackFideId "1409719"]
[EventDate "2025.12.27"]
[EventType "swiss"]
[EventRounds "7"]
[EventCountry "DEN"]
[SourceTitle "Live v. Obro Skakforening"]

1. e4 c6 2. d4 d5 3. Nc3 dxe4 4. Nxe4 Nf6 5. Nxf6+ exf6 6. Bc4 Be6 7. Bxe6 fxe6 8. Qh5+ g6 9. Qe2 Kf7 10. Nf3 c5 11. Be3 Na6 12. O-O Qc7 13. Rad1 Rd8 14. Rfe1 Qc8 15. c4 Qc6 16. Bg5 Be7 17. d5 Qc8 18. dxe6+ Kg7 19. Bf4 Rxd1 20. Rxd1 Rd8 21. Rxd8 Qxd8 22. h4 Nc7 23. Qe4 Qc8 24. Bxc7 Qxc7 25. g3 h5 26. Qd5 Qc6 27. Nd2 Qc7 28. b3 Bf8 29. Qd7+ Qxd7 30. exd7 Be7 31. Ne4 b6 32. Nd6 Kg8 33. Nb7 Kf8 34. d8=Q+ Bxd8 35. Nxd8 Ke8 36. Ne6 Kd7 37. Nf4 g5 38. Nxh5 1-0

[Event "Oebro CXU Nytaar 2025"]
[Site "Copenhagen"]
[Date "2025.12.27"]
[Round "1.9"]
[White "Mortensen, Henrik"]
[Black "Falkesgaard, Jeppe Hald"]
[Result "0-1"]
[WhiteElo "1909"]
[BlackElo "2240"]
[BlackFideId "1464981"]
[EventDate "2025.12.27"]
[EventType "swiss"]
[EventRounds "7"]
[EventCountry "DEN"]
[SourceTitle "Live v. Obro Skakforening"]

1. e4 c5 2. Nf3 Nc6 3. d4 cxd4 4. Nxd4 e5 5. Nb5 d6 6. c4 Be6 7. Be2 g6 8. N1c3 a6 9. Na3 Bg7 10. O-O Nf6 11. Be3 O-O 12. f3 Nd4 13. Nd5 Rc8 14. Qd2 Nd7 15. Rfc1 Bxd5 16. cxd5 b5 17. Nc2 Qb6 18. Kh1 Nc5 19. Nb4 Qa5 20. Bd3 Nxd3 21. Nxd3 Rxc1+ 22. Qxc1 f5 23. Bxd4 exd4 24. exf5 Rxf5 25. Nf4 Bh6 26. Qc8+ Rf8 27. Qe6+ Kh8 28. g3 Qd2 29. Qxd6 Qxb2 30. Re1 Qxa2 31. Re7 Qa1+ 32. Kg2 Qb2+ 33. Kh3 Bxf4 34. gxf4 d3 35. Re3 Qf6 36. Qe5 Qxe5 37. fxe5 d2 0-1

[Event "Oebro CXU Nytaar 2025"]
[Site "Copenhagen"]
[Date "2025.12.27"]
[Round "1.10"]
[White "Jalving, August"]
[Black "Ravikumar, Hanesh"]
[Result "1-0"]
[WhiteElo "2231"]
[BlackElo "1907"]
[WhiteFideId "1471759"]
[BlackFideId "1481878"]
[EventDate "2025.12.27"]
[EventType "swiss"]
[EventRounds "7"]
[EventCountry "DEN"]
[SourceTitle "Live v. Obro Skakforening"]

1. e4 c6 2. d4 d5 3. Nc3 dxe4 4. Nxe4 Nf6 5. Nxf6+ exf6 6. c3 Bd6 7. Bd3 O-O 8. Ne2 Re8 9. O-O Nd7 10. Ng3 Nf8 11. f4 g6 12. f5 Bxg3 13. hxg3 c5 14. fxg6 hxg6 15. dxc5 Qc7 16. b4 Qxg3 17. Bf4 Qg4 18. Qxg4 Bxg4 19. Rae1 Kg7 20. Bd6 Bd7 21. Bxf8+ Rxf8 22. Re7 Rad8 23. Be4 Bc6 24. Re1 Bxe4 25. R1xe4 Rd1+ 26. Kf2 f5 27. Rd4 Rxd4 28. cxd4 Rd8 29. Ke3 Rb8 30. d5 Kf6 31. d6 g5 32. b5 Rc8 33. Kd4 b6 34. c6 Rd8 35. Kd5 Rh8 36. c7 Rh1 37. c8=Q Rd1+ 38. Kc6 Rc1+ 39. Kb7 Rxc8 40. Kxc8 1-0

[Event "Oebro CXU Nytaar 2025"]
[Site "Copenhagen"]
[Date "2025.12.27"]
[Round "1.11"]
[White "Petersen, Lasse Emil"]
[Black "Veiergang, Oscar Jacob"]
[Result "1-0"]
[WhiteElo "1904"]
[BlackElo "2208"]
[WhiteFideId "1440659"]
[EventDate "2025.12.27"]
[EventType "swiss"]
[EventRounds "7"]
[EventCountry "DEN"]
[SourceTitle "Live v. Obro Skakforening"]

1. d4 Nf6 2. c4 g6 3. Nc3 d5 4. e3 Bg7 5. Nf3 O-O 6. Bd3 dxc4 7. Bxc4 c5 8. O-O cxd4 9. Nxd4 a6 10. Be2 e5 11. Nb3 Qe7 12. e4 Rd8 13. Qc2 Nc6 14. Bg5 Be6 15. Rfd1 Nb4 16. Qb1 h6 17. Be3 Rac8 18. Rxd8+ Qxd8 19. Nc5 Qe7 20. Nxe6 Qxe6 21. a3 Nc6 22. Qa2 Qxa2 23. Rxa2 Nd4 24. Bd1 g5 25. h3 Bf8 26. f3 Bc5 27. Kf2 Ne6 28. Bxc5 Rxc5 29. Ne2 Kf8 30. b4 Rc7 31. Rd2 Rd7 32. Rxd7 Nxd7 33. g3 Ke7 34. Ke3 Nc7 35. Nc3 Kd6 36. Bb3 f6 37. a4 b6 38. Kd3 a5 39. Kc4 axb4 40. Kxb4 Nc5 41. Bc4 Kc6 42. Bd5+ Nxd5+ 43. Nxd5 Nd3+ 44. Kc4 Nf2 45. Nxf6 Nxh3 46. Ng4 Kd6 47. Nxh6 Ke6 48. Kb5 Ng1 49. Kxb6 Nxf3 50. a5 Nd2 51. a6 Nc4+ 52. Kc6 Na5+ 53. Kc7 1-0

[Event "Oebro CXU Nytaar 2025"]
[Site "Copenhagen"]
[Date "2025.12.27"]
[Round "1.12"]
[White "Vehl, Tina"]
[Black "Pedersen, Jan Nordenbaek"]
[Result "0-1"]
[WhiteElo "1873"]
[BlackElo "2171"]
[WhiteFideId "1418262"]
[EventDate "2025.12.27"]
[EventType "swiss"]
[EventRounds "7"]
[EventCountry "DEN"]
[SourceTitle "Live v. Obro Skakforening"]

1. e4 c5 2. Nc3 e6 3. Nge2 Nc6 4. g3 Nf6 5. Bg2 d5 6. exd5 exd5 7. d4 cxd4 8. Nxd4 Bg4 9. Qd3 Be7 10. O-O O-O 11. Re1 Qd7 12. Be3 Rfe8 13. f4 Bc5 14. Bf2 Ne4 15. Be3 Nb4 16. Qb5 Qxb5 17. Ncxb5 Rac8 18. a3 Bxd4 19. Nxd4 Nxc2 20. Nxc2 Rxc2 21. Bxa7 Rxb2 22. h3 Bd7 23. Re3 Bc6 24. Bd4 Rd2 25. Bb6 h5 26. Ba5 Rc2 27. Rd1 f5 28. h4 Kf7 29. Bb4 Rc8 30. Red3 b6 31. Re3 Bb7 0-1

[Event "Oebro CXU Nytaar 2025"]
[Site "Copenhagen"]
[Date "2025.12.27"]
[Round "1.13"]
[White "Jarlskov, Daniel Tuk Hartso"]
[Black "Petersen, Poul Erik"]
[Result "1-0"]
[WhiteElo "2202"]
[BlackElo "1875"]
[WhiteFideId "1463896"]
[BlackFideId "1440667"]
[EventDate "2025.12.27"]
[EventType "swiss"]
[EventRounds "7"]
[EventCountry "DEN"]
[SourceTitle "Live v. Obro Skakforening"]

1. d4 d5 2. c4 c6 3. Nf3 Bf5 4. g3 e6 5. Bg2 Bd6 6. O-O Ne7 7. Nc3 O-O 8. Nh4 Bg4 9. Qd3 Nd7 10. e4 dxc4 11. Qxc4 Nb6 12. Qd3 e5 13. h3 Be6 14. d5 cxd5 15. exd5 Bb4 16. Rd1 Bd7 17. Qe2 f6 18. a4 Qc8 19. a5 Nc4 20. d6 Nxd6 21. Na2 Bc5 22. b4 Bd4 23. Rxd4 exd4 24. Qxe7 Nb5 25. Bd5+ Kh8 26. Qe4 g6 27. Nxg6+ hxg6 28. Qh4+ Kg7 29. Qh6# 1-0

[Event "Oebro CXU Nytaar 2025"]
[Site "Copenhagen"]
[Date "2025.12.27"]
[Round "1.14"]
[White "Panchmatia, Kunal"]
[Black "Porte, Henrik"]
[Result "0-1"]
[WhiteElo "1852"]
[BlackElo "2122"]
[BlackFideId "1016326"]
[EventDate "2025.12.27"]
[EventType "swiss"]
[EventRounds "7"]
[EventCountry "DEN"]
[SourceTitle "Live v. Obro Skakforening"]

1. e4 c6 2. d4 d5 3. Nc3 dxe4 4. Nxe4 Bf5 5. Ng3 Bg6 6. Nf3 Nd7 7. h4 h6 8. h5 Bh7 9. Bd3 Bxd3 10. Qxd3 e6 11. Bd2 Ngf6 12. O-O-O Be7 13. Kb1 O-O 14. Rhe1 c5 15. Be3 Nd5 16. c4 Nxe3 17. fxe3 Bh4 18. Nxh4 Qxh4 19. Ne4 Rad8 20. g4 Qxg4 21. Rg1 Qf5 22. Nxc5 Qxd3+ 23. Nxd3 Nf6 24. Nf4 Rfe8 25. Rg2 e5 26. Nd5 Nxd5 27. cxd5 Rxd5 28. Rdg1 exd4 29. exd4 Re6 30. Rxg7+ Kf8 31. Rg8+ Ke7 32. Rb8 Rb6 33. Re1+ Kf6 34. Rf1+ Rf5 35. Rd1 Rf2 36. b3 Ra6 37. Rxb7 Raxa2 38. d5 Rab2+ 39. Ka1 Rbd2 40. Rxd2 Rxd2 41. Rxa7 Rxd5 42. Kb2 Rxh5 43. Kc3 Re5 44. Kd4 Re1 45. b4 Rb1 46. Rb7 h5 47. Ke3 Rb3+ 48. Kf2 Kg6 49. Rb8 Kg5 50. Rg8+ Kf4 51. Rg7 f5 52. Rh7 Rb2+ 53. Kg1 Kg3 54. Rg7+ Kf3 55. Rg5 f4 56. Rxh5 Rb1+ 57. Kh2 Rxb4 58. Rh8 Kf2 59. Ra8 Rb2 60. Re8 f3 61. Re7 Rb8 62. Rh7 Rg8 63. Kh1 Kf1 64. Rh6 f2 65. Rh7 Re8 66. Kh2 Ke1 67. Rf7 0-1

[Event "Oebro CXU Nytaar 2025"]
[Site "Copenhagen"]
[Date "2025.12.27"]
[Round "1.15"]
[White "Nilssen, Ellen Fredericia"]
[Black "Elnegaard, Tristan Lund"]
[Result "1-0"]
[WhiteElo "2142"]
[BlackElo "1867"]
[WhiteFideId "1441230"]
[BlackFideId "1480707"]
[EventDate "2025.12.27"]
[EventType "swiss"]
[EventRounds "7"]
[EventCountry "DEN"]
[SourceTitle "Live v. Obro Skakforening"]

1. d4 Nf6 2. c4 e6 3. Nc3 d5 4. cxd5 exd5 5. Bg5 Be7 6. e3 b6 7. Bd3 Bb7 8. Nf3 Nbd7 9. O-O O-O 10. Bf4 a6 11. Rc1 c5 12. Ne5 b5 13. Nxd7 Nxd7 14. dxc5 Nxc5 15. Bf5 b4 16. Ne2 Bd6 17. Qc2 Ne4 18. Bxe4 dxe4 19. Rfd1 Rc8 20. Qb1 Qa5 21. Bxd6 Rfd8 22. Rxc8 Bxc8 23. Bf4 Bg4 24. Rxd8+ Qxd8 25. Nd4 Qc8 26. Qc2 Qd8 27. Qc7 Qe8 28. h3 1-0

[Event "Oebro CXU Nytaar 2025"]
[Site "Copenhagen"]
[Date "2025.12.27"]
[Round "1.16"]
[White "Hove, Svend Kjems"]
[Black "Molvig, Henrik"]
[Result "1/2-1/2"]
[WhiteElo "1837"]
[BlackElo "2117"]
[WhiteFideId "1408194"]
[BlackFideId "1402625"]
[EventDate "2025.12.27"]
[EventType "swiss"]
[EventRounds "7"]
[EventCountry "DEN"]
[SourceTitle "Live v. Obro Skakforening"]

1. e4 c5 2. Nf3 d6 3. d4 cxd4 4. Nxd4 Nf6 5. Nd2 Nc6 6. Nb5 a6 7. Nc3 e6 8. Bd3 Be7 9. O-O b5 10. a3 Bb7 11. f4 h5 12. h3 Qb6+ 13. Kh1 Ng4 14. Qe1 b4 15. Nc4 Qa7 16. Nd1 a5 17. c3 b3 18. a4 Ba6 19. Qe2 Nf6 20. Be3 Qb7 21. Nf2 h4 22. Rfd1 Nh5 23. Qf3 Ng3+ 24. Kh2 Rc8 25. Ng4 Rd8 26. Bf2 Nh5 27. e5 dxe5 28. Be4 Rd5 29. Ncxe5 Nxe5 30. fxe5 Bc4 31. Ne3 Qc7 32. Nxc4 Rxd1 33. Bc6+ Rd7 34. Rd1 Nf6 35. Nb6 Qxe5+ 36. Kh1 Bd6 37. Bg1 Ke7 38. Nc4 Qf4 39. Qxf4 Bxf4 40. Bxd7 Nxd7 41. Nxa5 Ra8 42. Nc6+ Ke8 43. a5 Bc7 44. Rd4 Ra6 45. Rc4 Bxa5 46. Nxa5 Rxa5 47. Rb4 Nf6 48. Bf2 g5 49. g4 Re5 50. Bd4 Re1+ 51. Kg2 e5 52. Kf2 Rb1 53. Bxe5 Rxb2+ 54. Kf3 Nd7 55. Bc7 Nc5 56. Rb5 Ne6 57. Be5 Rb1 58. c4 Rh1 59. Kg2 Rc1 60. Rxb3 Rxc4 1/2-1/2

[Event "Oebro CXU Nytaar 2025"]
[Site "Copenhagen"]
[Date "2025.12.27"]
[Round "1.17"]
[White "Slavensky, Asbjorn Vesterkaer"]
[Black "Moller, Arne Vagn"]
[Result "1-0"]
[WhiteElo "2118"]
[BlackElo "1851"]
[EventDate "2025.12.27"]
[EventType "swiss"]
[EventRounds "7"]
[EventCountry "DEN"]
[SourceTitle "Live v. Obro Skakforening"]

1. d4 Nf6 2. c4 e6 3. Nf3 b6 4. g3 Bb7 5. Bg2 Be7 6. O-O O-O 7. Nc3 d6 8. Qc2 Nbd7 9. e4 e5 10. Rd1 Qb8 11. d5 Rd8 12. Nh4 g6 13. Bg5 Re8 14. Qd2 Nh5 15. Bxe7 Rxe7 16. Qg5 f6 17. Qd2 Nf8 18. Rf1 Qe8 19. b4 Bc8 20. c5 bxc5 21. bxc5 Ba6 22. Rfc1 Rb8 23. Rab1 Nd7 24. Rxb8 Qxb8 25. Rb1 Qd8 26. Na4 Nxc5 27. Nxc5 dxc5 28. Qa5 Qd6 29. Bh3 Re8 30. Rb3 Bc8 31. Bf1 a6 32. Rc3 Qb6 33. Qxc5 Qxc5 34. Rxc5 f5 35. Rxc7 fxe4 36. d6 Nf6 37. Bc4+ Kh8 38. Rf7 Nd7 39. Bd5 Rd8 40. Re7 Nc5 41. Rc7 Ne6 42. Rxc8 Rxc8 43. Bxe6 Rd8 44. d7 Kg7 45. Ng2 Kf6 46. Bh3 g5 47. Ne3 h5 48. Nd5+ Kf7 49. Nb4 g4 50. Nc6 1-0

[Event "Oebro CXU Nytaar 2025"]
[Site "Copenhagen"]
[Date "2025.12.27"]
[Round "1.18"]
[White "Andersen, Claus Nis"]
[Black "Lauritsen, Martin Lee"]
[Result "1-0"]
[WhiteElo "1825"]
[BlackElo "2115"]
[WhiteFideId "1415735"]
[BlackFideId "1408658"]
[EventDate "2025.12.27"]
[EventType "swiss"]
[EventRounds "7"]
[EventCountry "DEN"]
[SourceTitle "Live v. Obro Skakforening"]

1. d4 f5 2. c4 Nf6 3. Nc3 e6 4. Nf3 b6 5. g3 Bb7 6. Bg2 Bb4 7. Bd2 O-O 8. O-O Qe7 9. Rc1 d6 10. a3 Bxc3 11. Bxc3 Ne4 12. Nd2 Nxc3 13. Rxc3 Bxg2 14. Kxg2 Nd7 15. e3 e5 16. f4 exd4 17. exd4 Rae8 18. Nf3 Nf6 19. Re1 Qd7 20. Rce3 Rxe3 21. Rxe3 Ng4 22. Re1 Re8 23. Qd3 Rxe1 24. Nxe1 Qe6 25. Nc2 Qh6 26. h3 Qxh3+ 27. Kxh3 Nf2+ 28. Kg2 Nxd3 29. b4 c6 30. Kf3 g6 31. Ke2 Nb2 32. Ne3 b5 33. d5 cxd5 34. cxd5 h5 35. Kd2 Nc4+ 36. Nxc4 bxc4 37. b5 g5 38. a4 gxf4 39. gxf4 h4 40. a5 h3 41. b6 axb6 42. axb6 h2 43. b7 h1=Q 44. b8=Q+ Kg7 45. Qc7+ Kg6 46. Qxd6+ Kh5 47. Qe5 Qb1 48. Qe2+ Kh4 49. Qe1+ 1-0

[Event "Oebro CXU Nytaar 2025"]
[Site "Copenhagen"]
[Date "2025.12.27"]
[Round "1.19"]
[White "Olsen, Michael Richard W"]
[Black "Rasmussen, Morten"]
[Result "1-0"]
[WhiteElo "2115"]
[BlackElo "1827"]
[WhiteFideId "1440969"]
[BlackFideId "1410865"]
[EventDate "2025.12.27"]
[EventType "swiss"]
[EventRounds "7"]
[EventCountry "DEN"]
[SourceTitle "Live v. Obro Skakforening"]

1. e4 c5 2. Nf3 Nc6 3. d4 cxd4 4. c4 dxc3 5. Nxc3 d6 6. Bc4 a6 7. O-O Nf6 8. Bg5 Bg4 9. Qb3 e6 10. Rfd1 Qb8 11. Be2 Be7 12. Rac1 O-O 13. h3 Bxf3 14. Bxf3 Ne5 15. Be2 h6 16. Be3 b5 17. f4 Nc4 18. Bf2 Nd7 19. Bf3 Rc8 20. a3 Kf8 21. Qa2 Qb7 22. Qb1 Rc7 23. e5 d5 24. Qh7 Ke8 25. Nxd5 exd5 26. Bxd5 Qc8 27. Qg8+ Bf8 28. Qxf7+ 1-0

[Event "Oebro CXU Nytaar 2025"]
[Site "Copenhagen"]
[Date "2025.12.27"]
[Round "1.20"]
[White "Thuesen, Mogens Henrik"]
[Black "Sepstrup, Per"]
[Result "1/2-1/2"]
[WhiteElo "2113"]
[BlackElo "1806"]
[BlackFideId "1474286"]
[EventDate "2025.12.27"]
[EventType "swiss"]
[EventRounds "7"]
[EventCountry "DEN"]
[SourceTitle "Live v. Obro Skakforening"]

1. d4 d5 2. c4 c6 3. Nf3 Nf6 4. Nc3 e6 5. e3 Nbd7 6. Qc2 Bd6 7. g4 h6 8. Rg1 e5 9. h4 e4 10. Nd2 g5 11. hxg5 hxg5 12. Qb3 Qb6 13. Qxb6 axb6 14. cxd5 cxd5 15. f3 exf3 16. Nxf3 Nb8 17. Nb5 Bb4+ 18. Bd2 Bxd2+ 19. Kxd2 Ne4+ 20. Kc2 Na6 21. Kb3 Bd7 22. Nc3 Nxc3 23. bxc3 f6 24. e4 dxe4 25. Re1 Kf7 26. Bc4+ Kg6 27. Rxe4 Rae8 28. Bd3 Kf7 29. Rf1 Kg7 30. Nd2 Rh3 31. Rxe8 Bxe8 32. Bf5 Nc7 33. Re1 Bf7+ 34. Kb2 Kf8 35. Re2 Nd5 36. Ne4 Kg7 37. Nd6 Re3 38. Rh2 Bg8 39. Be4 Kf8 40. Bxd5 Bxd5 41. Rh8+ Kg7 42. Nf5+ Kxh8 43. Nxe3 Bc6 44. Kb3 Kg8 45. Kb4 Kf7 46. c4 Bd7 47. c5 bxc5+ 48. Kxc5 Ke6 49. a3 Ke7 50. Kb6 f5 51. gxf5 Kf6 52. d5 Ke5 53. Kc7 Bxf5 54. d6 Be6 55. a4 Kd4 56. Nf1 Kc5 57. Ng3 Kb4 58. Ne4 g4 59. Kxb7 Bf5 60. Kc7 Kxa4 61. Ng3 Be6 62. Kd8 Kb5 63. Ke7 Bc8 64. d7 1/2-1/2

[Event "Oebro CXU Nytaar 2025"]
[Site "Copenhagen"]
[Date "2025.12.27"]
[Round "2.1"]
[White "Lilja, Richard"]
[Black "Nielsen, Viktor Haarmark"]
[Result "0-1"]
[WhiteElo "2104"]
[BlackElo "2368"]
[WhiteFideId "1403109"]
[BlackFideId "1444492"]
[EventDate "2025.12.27"]
[EventType "swiss"]
[EventRounds "7"]
[EventCountry "DEN"]
[SourceTitle "Live v. Obro Skakforening"]

1. e4 e5 2. Bc4 Nf6 3. Nf3 Nxe4 4. Nc3 Nxc3 5. dxc3 f6 6. Nh4 g6 7. Qf3 Qe7 8. Be3 c6 9. Qh3 Bg7 10. O-O-O Na6 11. Qg3 d5 12. Bd3 e4 13. Bd4 Nc7 14. Rhe1 O-O 15. f3 f5 16. fxe4 fxe4 17. Bf1 Ne6 18. Bxg7 Qxg7 19. c4 g5 20. cxd5 gxh4 21. Qb3 Nc5 22. Qa3 b6 23. b4 Bg4 24. bxc5 Bxd1 25. Kxd1 Qd4+ 26. Kc1 Rxf1 27. Rxf1 Qa1+ 28. Kd2 Qxf1 29. cxb6 Qxg2+ 30. Kc1 Qg1+ 31. Kd2 Qd4+ 32. Kc1 e3 33. b7 Qa1# 0-1